00546 2200169 4500001002100000005001500021035002000036245003400056100001700090250001100107300003700118260011800155082001600273084002200289020002200311650004300333INLIS00000000000181020241106105427 a0010-11240000681 aTap, Tap, Tap /cLina Herlina0 aLina Herlina aCet. 2 a28 hlm. :bilus. ;c21 x 29,7 cm aJakarta :bBadan Pengembangan dan Pembinaan Bahasa, Kementrian Pendidikan, Kebudayaan, Riset dan Teknologi,c2023 a398.209 598 a398.209 598 LIN t a978-623-118-875-5 4aCerita Anak Indonesia. Kesustraan Anak